| 000 | 00980cam a22003377a 4500 | ||
|---|---|---|---|
| 003 | CHAP | ||
| 005 | 20220817043142.0 | ||
| 008 | 971013s1985 r 00010 d | ||
| 010 | _a66897 | ||
| 011 | _a67869 | ||
| 035 | _a77341 | ||
| 040 | _cCHAP | ||
| 082 |
_a641.362 _bF36f |
||
| 110 | _aFAO | ||
| 245 | 0 | _aLegislation relative au commerce international de la viande bovine | |
| 260 |
_aRome : _bFAO, _c1985 |
||
| 300 | _a139 p. | ||
| 410 | _aFAO | ||
| 490 | 0 |
_aEstudios legislativos _v;36 |
|
| 590 |
_aBATCH-UPD _b10 _c20130110 _lUCH01 _h0159 |
||
| 590 |
_aBATCH-UPD _b10 _c20130110 _lUCH01 _h1333 |
||
| 590 |
_aCONVERSION _b10 _c20130109 _lUCH01 _h1337 |
||
| 650 | 1 | 4 |
_aCarne de res _xMercadeo. _919210 |
| 650 | 1 | 4 |
_aComercio internacional. _925641 |
| 650 | 1 | 4 |
_aProductos pecuarios _xLeyes. _992180 |
| 810 | 0 | _aFAO | |
| 830 | 0 | 0 |
_aEstudios legislativos _v;36 _938550 |
| 901 | _aBK | ||
| 942 | _cLIBRO | ||
| 949 |
_a641.362 F36f _bBC _cFAO _d-30209 _eFAO1 _h68646 _i77341 _si |
||
| 999 |
_c66897 _d66897 |
||